000 00555nam a2200229Ia 4500
003 OSt
005 20221005123018.0
006 a|||||r|||| 00| 0
007 ta
008 221004b |||||||| |||| 00| 0 mal d
024 _a58095
037 _cTextual
040 _aCRL
_cCRL
_bmal
041 _2mal
_amal
082 _aP32:2:g, L3
100 _aAntony
245 0 _aKeralapaniniya bhashyam
260 _c1973
650 _aMALAYALAM LITERATURE
_938866
942 _hP32:2:g, L3
_cTEXL
_2cc
999 _c1046120
_d1046120